Multiple Choice City Quiz – Kabul - Statistics

General Stats
  • This quiz has been taken 357 times
    346 since last reset
  • The average score is 5 of 10
Answer Stats
Question Answer % Correct
About how many percent of Kabul's population is Muslim? 98%
96%
In what mountain range is Kabul located? Hindu Kush
61%
Which one of these statements are NOT true about Kabul? Has a metro system
59%
Where in Afghanistan is Kabul located?
54%
What language is Dari, the most commonly spoken language in Kabul, a variety of? Persian
43%
Which of these are the main ingredients in Kabuli pulao? Rice, carrots, raisins, meat
43%
Which of these novels does NOT take place in Kabul? Midnight's Children
39%
Who formerly lived in a building complex called "Arg"? The President
34%
Who was the Emir of Kabul between 1504–1526, founded the Mughal Empire and is buried in a garden in Kabul? Babur
31%
Which of the empires NEVER invaded Kabul? Russian Empire
28%
No matching quizzes found
Score Distribution
Percent of People with Each Score
Percentile by Number Answered
Your Score History
You have not taken this quiz since the last reset